| 000 | 01245nam0a22002531 4500 | ||
|---|---|---|---|
| 001 | rc\4375375 | ||
| 005 | 20260407094324.0 | ||
| 035 | _a(NLR Aleph) 008288208 | ||
| 090 |
_a8559462 _c8559462 |
||
| 100 | _a20130416d1965 |||y0rusy50 ca | ||
| 101 | 0 | _arus | |
| 102 | _aRU | ||
| 105 | _aa z ||||| | ||
| 200 | 1 |
_aВопросы научного обоснования физической подготовки танкистов и водителей _fПод ред. канд. пед. наук доц. подполк. Оплавина С.М. _gВоен. Краснознам. фак. физ. культуры и спорта при ГДОИФК им. П.Ф. Лесгафта |
|
| 210 |
_aЛенинград _cБ. и. _d1965 |
||
| 215 |
_a120 с. _cил. _d22 |
||
| 333 | _aПродаже не подлежит | ||
| 702 | 1 |
_aОплавин _bС.М. _gСергей Михайлович _4340 |
|
| 712 | 0 | 2 |
_aИнститут физической культуры им. П. Ф. Лесгафта _cЛенинград _bВоенный факультет физической культуры и спорта _3RU\NLR\AUTH\889918637 _9333389 |
| 801 | 0 |
_aRU _bNLR _gpsbo |
|
| 801 | 1 |
_aRU _bELAR _2rusmarc |
|
| 852 |
_aNLR _j65-5/5884 |
||
| 942 | _cBOOK | ||
| 980 | _aNB | ||